The Margaret Thatcher Premiership - Statistics

General Stats
  • This quiz has been taken 9,275 times
    8,487 since last reset
  • The average score is 11 of 18
Answer Stats
Hint Answer % Correct
Her political party Conservative
96%
Thatcher's nickname The {Iron} Lady
96%
Country the UK fought awar against in 1982 Argentina
95%
The name of that war The Falklands War
95%
U.S. President for most of her term Ronald Reagan
94%
Quote If you want something said, ask a man.If you want something {done}, ask a woman.
87%
Group that tried to bomb Thatcherduring the party conference in 1984 Irish Republican Army
85%
Group that went on strike in 1984,called the most bitter industrial dispute in British history Coal Miners
71%
Prime Minister who succeeded her John Major
65%
Actress who starred in Thatcher inthe 2011 movie with the above name Meryl Streep
63%
Quote The problem with {socialism} is that youeventually run out of other peoples' money
47%
Unpopular flat tax introducedfor all adults in 1990 Poll Tax
46%
Quote You turn if you want to;the {Lady}'s not for turning
42%
First name of her husband Denis
39%
Her twin children (name either) Carol / Mark
37%
Town where she was born Grantham
28%
Her maiden name Roberts
20%
Constituency she representedin Parliament Finchley
18%
No matching quizzes found
Score Distribution
Percent of People with Each Score
Percentile by Number Answered
Your Score History
You have not taken this quiz since the last reset